[Event "Tambov Korensky Memorial 29th"]
[Site "Tambov"]
[Date "2020.08.30"]
[Round "2"]
[White "Kutyanina, Mariya"]
[Black "Tikhonov, Viacheslav"]
[Result "0-1"]
[WhiteElo "2057"]
[BlackElo "2198"]
[PlyCount "74"]
[EventDate "2020.08.29"]
[EventType "swiss"]
[EventRounds "9"]
[EventCountry "RUS"]
[SourceTitle "EXT 2021"]
[Source "ChessBase"]
[SourceDate "2020.10.23"]
[SourceVersion "1"]
[SourceVersionDate "2020.10.23"]
[SourceQuality "1"]

1. e4 g6 2. Nc3 Bg7 3. g3 d6 4. Bg2 e5 5. d3 Nc6 6. Be3 a6 7. Qd2 b5 8. f4 Nf6 9. Nge2 Bb7 10. 0-0 Ng4 11. Nd1 Nxe3 12. Nxe3 exf4 13. Rxf4 Nd4 14. Raf1 Nxe2+ 15. Qxe2 0-0 16. Ng4 Bd4+ 17. Kh1 f6 18. c3 Be5 19. R4f2 h5 20. Ne3 c5 21. Qd2 d5 22. Nxd5 Bxd5 23. exd5 f5 24. Qh6 Qd6 25. Re2 Rae8 26. Rfe1 f4 27. Be4 Rf6 28. d4 cxd4 29. cxd4 Bxd4 30. Bxg6 Qxd5+ 31. Re4 Re7 32. Rc1 Qxe4+ 33. Bxe4 Rxh6 34. Bd5+ Kg7 35. gxf4 Bxb2 36. Rc8 Rg6 37. Rg8+ Kh7 0-1

[Event "Chigorin Memorial 25th"]
[Site "St Petersburg"]
[Date "2017.10.26"]
[Round "6"]
[White "Kutyanina, Mariya"]
[Black "Obgolts, Erik"]
[Result "0-1"]
[WhiteElo "2020"]
[BlackElo "2271"]
[PlyCount "102"]
[EventDate "2017.10.21"]
[EventType "swiss"]
[EventRounds "9"]
[EventCountry "RUS"]
[SourceTitle "CBM 181 Extra"]
[Source "ChessBase"]
[SourceDate "2017.12.12"]
[SourceVersion "1"]
[SourceVersionDate "2017.12.12"]
[SourceQuality "1"]

1. e4 c5 2. Nf3 e6 3. d4 cxd4 4. Nxd4 a6 5. Nc3 d6 6. Be3 Nf6 7. f4 Be7 8. Qf3 Qc7 9. 0-0-0 0-0 10. g4 Nc6 11. g5 Nxd4 12. Bxd4 Nd7 13. Rg1 b5 14. f5 b4 15. Ne2 exf5 16. exf5 Bb7 17. Qg4 Rac8 18. Rd2 Ne5 19. Bxe5 dxe5 20. f6 Bc5 21. Rg3 Rfd8 22. Rxd8+ Rxd8 23. fxg7 Qb6 24. Rd3 Be3+ 25. Kb1 e4 26. Rxd8+ Qxd8 27. Nf4 Qd2 28. a4 bxa3 29. Ka2 Bxf4 30. Bc4 Bd5 31. Qc8+ Kxg7 32. Qxa6 Bxc4+ 33. Qxc4 axb2 34. Qxe4 Bxg5 35. Kxb2 Bf6+ 36. Kb1 Qd1+ 37. Ka2 Qa1+ 38. Kb3 Qc3+ 39. Ka4 Qd4+ 40. Qxd4 Bxd4 41. Kb4 Kg6 42. Kc4 Bg1 43. h3 Kg5 44. Kd5 Kf4 45. c4 f5 46. Ke6 Ke4 47. h4 f4 48. h5 f3 49. Kf7 f2 50. Kg7 f1Q 51. Kxh7 Qf7+ 0-1

[Event "Chigorin Memorial 25th"]
[Site "St Petersburg"]
[Date "2017.10.23"]
[Round "3"]
[White "Salman, Pavel"]
[Black "Kutyanina, Mariya"]
[Result "1/2-1/2"]
[WhiteElo "2260"]
[BlackElo "2020"]
[PlyCount "69"]
[EventDate "2017.10.21"]
[EventType "swiss"]
[EventRounds "9"]
[EventCountry "RUS"]
[SourceTitle "CBM 181 Extra"]
[Source "ChessBase"]
[SourceDate "2017.12.12"]
[SourceVersion "1"]
[SourceVersionDate "2017.12.12"]
[SourceQuality "1"]

1. d4 Nf6 2. c4 e6 3. g3 d5 4. Nf3 Bb4+ 5. Bd2 Bd6 6. Bg2 c6 7. 0-0 0-0 8. Nc3 dxc4 9. Bg5 Nbd7 10. Qc2 Be7 11. e4 h6 12. Bxf6 Nxf6 13. Rfd1 Qc7 14. a4 Rb8 15. b3 cxb3 16. Qxb3 Rd8 17. Rac1 Qa5 18. Rb1 b6 19. Ne5 Bb7 20. Bh3 Rxd4 21. Rxd4 Qxe5 22. Rd2 Nxe4 23. Nxe4 Qxe4 24. Bg2 Qf5 25. Rbd1 Bc5 26. Qf3 Qxf3 27. Bxf3 a5 28. Rd7 Ba6 29. Bxc6 Bc4 30. Rc1 Bb3 31. Rc3 Ba2 32. Rc2 Bb3 33. Rc3 Ba2 34. Rc2 Bb3 35. Rc3 1/2-1/2

[Event "Tambov First league of Region"]
[Site "Tambov"]
[Date "2016.10.27"]
[Round "6.2"]
[White "Kutyanina, Mariya"]
[Black "Fedorenko, Aleksandr N"]
[Result "1-0"]
[WhiteElo "1951"]
[BlackElo "1853"]
[PlyCount "61"]
[EventDate "2016.10.22"]
[EventType "tourn"]
[EventRounds "9"]
[EventCountry "RUS"]
[SourceTitle "EXT 2022"]
[Source "ChessBase"]
[SourceDate "2021.10.06"]
[SourceVersion "1"]
[SourceVersionDate "2021.10.06"]
[SourceQuality "1"]

1. e4 e6 2. d4 d5 3. e5 c5 4. c3 Nc6 5. Be3 cxd4 6. cxd4 Bd7 7. Nf3 Qb6 8. Qd2 Nge7 9. Nc3 Nf5 10. Be2 Bb4 11. 0-0 0-0 12. g4 Nxe3 13. fxe3 Rac8 14. h4 Qd8 15. Bd3 g6 16. g5 Ne7 17. Rac1 Nf5 18. Qf2 Bxc3 19. bxc3 Qa5 20. c4 Bc6 21. cxd5 Bxd5 22. e4 Ne7 23. exd5 Qxd5 24. Nd2 Nf5 25. Bxf5 exf5 26. a3 b6 27. Qe3 Rfe8 28. Qf4 Qa2 29. Qe3 Qb2 30. Nc4 Qa2 31. Rf2 1-0